| 000 | 00666nam a2200205 a 4500 | ||
|---|---|---|---|
| 001 | 3589 | ||
| 005 | 20140414131925.0 | ||
| 008 | 050727s19uu xx 00 eng d | ||
| 020 | _a0-516-25116-3 | ||
| 050 |
_aER _bW13 2004 |
||
| 100 | _aGerver, Jane E. | ||
| 245 | 0 |
_aWait for me! / _cwritten by Jane E. Gerver ; illustrated by Mick Reid. |
|
| 260 |
_aColumbus, Ohio : _bChildren's Press, _c2004. |
||
| 300 | _a1 v. p. : ill. ; cm. | ||
| 440 | _aMy First Reader | ||
| 520 | _aNo one will wait for a little boy who is always late until he finds a friend who is late too. | ||
| 650 |
_aPunctuality _xFiction. |
||
| 650 | _aStories in rhyme. | ||
| 999 |
_c111943 _d111943 |
||